Obras completas de Aurelio Prudencio

Guardat en:
Dades bibliogràfiques
Format: Llibre
Idioma:llatí
espanyol
Publicat: Madrid EDICA 1981
Col·lecció:Biblioteca de Autores Cristianos, 427
Matèries:
Etiquetes: Afegir etiqueta
Sense etiquetes, Sigues el primer a etiquetar aquest registre!

MARC

LEADER 00000nam a2200000 a 4500
001 UCR7199
003 CL-VaPUC
008 980514e19810000SP |||||||||||||||||lat|d
041 0 7 |a lat  |2 CL-VaPUC 
041 0 7 |a spa  |2 CL-VaPUC 
082 0 4 |a 871  |b OBR  |2 21 
245 1 0 |a Obras completas de Aurelio Prudencio 
300 |a 826 p 
942 |c BK 
945 |d 19980514 00:00:00  |a mvenant 
260 |a Madrid  |b EDICA  |c 1981 
600 0 |a Prudencio Clemente, Aurelio  |e autor  |9 324654 
650 0 |a Poetas latinos  |9 350304 
650 0 |a Literatura religiosa   |9 266283 
650 7 |a POESIAS LATINAS  |2 CL-VaPUC  |9 408496 
583 |a last modification  |c 19980514 00:00:00  |k Rodrigo Vera 
490 0 |a Biblioteca de Autores Cristianos, 427 
999 |c 268977  |d 268975 
952 |0 0  |1 0  |4 0  |6 871_000000000000000_OBR_1981  |7 0  |8 A  |9 302544  |a BIBEDU  |b BIBEDU  |d 2019-11-20  |i 3422844  |l 1  |o 871 OBR 1981  |p 3422844  |r 2022-09-15  |s 2022-08-29  |w 2019-11-20  |y BK  |k FIL